Länder mit höchsten E-Sport Einnahmen - Sudden Death - Statistiken

Allgemein
  • Dieses Quiz wurde 113 mal gespielt
  • Das Durchschnittsergebnis liegt bei 4 aus 15
Answers on the Grid
Answers color-coded by a green-red scale on the quiz's grid according to % correct below.
Argentinien
Australien
Brasilien
Bulgarien
China
Dänemark
Deutschland
Finnland
Frankreich
Indonesien
Japan
Kanada
Malaysia
Mexiko
Niederlande
Norwegen
Philippinen
Polen
Russland
Saudi Arabien
Schweden
Spanien
Südkorea
Taiwan
Thailand
Türkei
Ukraine
Vereinigtes Königreich
Vereinigte Staaten
Vietnam
 
Antwortstatistiken
Antwort % Korrekt
China
64%
Japan
63%
Deutschland
60%
Vereinigte Staaten
59%
Vereinigtes Königreich
44%
Frankreich
37%
Südkorea
35%
Russland
20%
Brasilien
19%
Australien
13%
Dänemark
11%
Kanada
9%
Finnland
7%
Schweden
5%
Ukraine
4%
Keine übereinstimmenden Quizze gefunden
Verteilung der Resultate
Anzahl Personen mit jedem Resultat
Perzentil nach korrekt beantworteten Fragen
Ihre Resultats-Entwicklung
Sie haben dieses Quiz noch nicht gespielt